| 000 | 00522cam a2200145 4500500 | ||
|---|---|---|---|
| 005 | 20260208005320.0 | ||
| 041 | _afre | ||
| 042 | _adc | ||
| 100 | 1 | 0 |
_aGerbet, Pierre _eauthor |
| 245 | 0 | 0 | _aAnne Dulphy, Christine Manigand, La France au risque de l’Europe, Paris, Armand Colin, 2006, 292 p. |
| 260 | _c2009. | ||
| 500 | _a18 | ||
| 786 | 0 | _nRevue historique | 647 | 3 | 2009-01-01 | p. 677ze-742ze | 0035-3264 | |
| 856 | 4 | 1 | _uhttps://shs.cairn.info/revue-historique-2008-3-page-677ze?lang=fr&redirect-ssocas=7080 |
| 999 |
_c1651559 _d1651559 |
||